banner-ar

قائمة باوائل المطبوعات العربية المحفوظة بدار الكتب حتى سنة 1862 / (Record no. 58694)

MARC details
000 -الفاتح
حقل البيانات ثابتة الطول 00614nam a2200169Ia 4500
005 - وقت وتاريخ اخر تعامل مع التسجيلة
رقم الضبط 20240530110121.0
008 - عناصر البيانات ثابتة الطول - معلومات عامة
حقل البيانات ثابتة الطول 140319s9999 xx 000 0 ara d
040 ## - مصدر الفهرسة
وكالة الفهرسة الأصلية GCL /
وكالة النسخ GCL
082 04 - رقم تصنيف ديوى العشرى
رقم التصنيف 015.62
رقم المادة م ت
100 1# - المدخل الرئيسى - إسم شخصى
الإسم الشخصى محمد جمال الدين الشوربجى (جمع)
245 10 - بيان العنوان
العنوان قائمة باوائل المطبوعات العربية المحفوظة بدار الكتب حتى سنة 1862 /
بيان المسئوليه,etc محمد جمال الدين الشوربجى (جمع)
260 ## - PUBLICATION, DISTRIBUTION, ETC. (IMPRINT)
تاريخ النشر أو التوزيع 1963
650 04 - المدخل الاضافى بالموضوع-مصطلح موضوعى
مصطلح موضوعي مصر
650 04 - المدخل الاضافى بالموضوع-مصطلح موضوعى
مصطلح موضوعي الكتب
942 ## - عناصر المدخل الإضافي( كوها)
مصدر التصنيف او مخطط الترفيف Dewey Decimal Classification
Koha [default] item type كتاب
260 ## - PUBLICATION, DISTRIBUTION, ETC. (IMPRINT)
-- [S.N] :
-- دار الكتب المصرية ،
Holdings
حالة التراجع حالة الفقد حالة تلف ليس للاعارة المكان المؤقت الموقع الحالى تاريخ الاكتساب اجمالي اﻻعارات رقم الطلب الباركود تاريخ اخر مشاهدة تاريخ تفعيل السعر نوع وعاء كوها
        مكتبة القاهرة الكبرى مكتبة القاهرة الكبرى 03/26/2014   015.62\م ت 152171 03/26/2014 03/26/2014 كتاب

Powered By

EGPV